Statistics for 10 Southernmost Countries in Europe

Click here to take the quiz!

General Stats

  • This quiz has been taken 48,232 times
    (16,285 since last reset)
  • The average score is 9 of 10

Answer Stats

LatitudeCountry% Correct
34°49'NGreece
99%
35°30'NItaly
99%
36°00'NSpain
99%
36°57'NPortugal
97%
35°47'NMalta
94%
40°34'NAlbania
90%
40°52'NNorth Macedonia
87%
41°20'NFrance
87%
41°15'NBulgaria
85%
41°11'NRussia
40%

Score Distribution

Percentile by Number Answered

Percent of People with Each Score

Your Score History

You have not taken this quiz since the last reset